000 00426nam a2200181Ia 4500
003 OSt
005 20220530100804.0
008 210210b1958 xxu||||| |||| 00| 0 eng d
040 _cAL
041 _aeng
082 _a515/68
100 _aHEMMERLING (E M)
_939529
245 _aCollege plane geometry
260 _aNew York
_bJohn Wiley and Sons
_c1958
690 _aGeometry
_939533
906 _a007632
942 _2ddc
_cBK
999 _c140171
_d140171